Financial accounting (Record no. 30022)

MARC details
000 -LEADER
fixed length control field 00406nam a2200181Ia 4500
020 ## - INTERNATIONAL STANDARD BOOK NUMBER
ISBN 0-07-019616-8
050 ## - CALL MARK
Classification number HF 5636 .W55/
100 ## - STATEMENT OF RESPONSIBILITY--MAIN AUTHOR NAME
Personal name Eskew, Robert K.
245 #0 - TITLE STATEMENT
Title Financial accounting
250 ## - EDITION / VOLUME STATEMENT
Edition / Volume statement 4th ed.
260 ## - PUBLICATION, DISTRIBUTION, ETC. (IMPRINT)
Place of publication New York
260 ## - PUBLICATION, DISTRIBUTION, ETC. (IMPRINT)
Name of publisher McGraw-Hill
260 ## - PUBLICATION, DISTRIBUTION, ETC. (IMPRINT)
Year of publication 1992
300 ## - PHYSICAL DESCRIPTION
Number of Pages 870 p
942 ## - ADDED ENTRY ELEMENTS (KOHA)
Koha item type Books
Holdings
Withdrawn status Lost status Source of classification or shelving scheme Damaged status Not for loan Permanent Location Current Location Shelving location Date acquired Accession Number Price effective from Koha item type
    Library of Congress Classification     NILE UNIVERSITY OF NIGERIA - MAIN LIBRARY NILE UNIVERSITY OF NIGERIA - MAIN LIBRARY Items on shelf 04/23/2025 0000877 04/23/2025 Books